[Event "IV Festival Magistrale"]
[Site "Amantea ITA"]
[Date "1994.09.??"]
[Round "?"]
[White "Smagin, Sergey B."]
[Black "Lagumina, Giulio"]
[Result "1-0"]
[WhiteElo "2540"]
[BlackElo "2290"]
[PlyCount "81"]
[EventDate "1994.09.18"]

1. e4 e5 2. Nf3 d6 3. d4 exd4 4. Qxd4 Nf6 5. Nc3 Be7 6. Bb5+ c6 7. Be2 O-O 8.
Bf4 d5 9. exd5 Nxd5 10. Nxd5 cxd5 11. c3 Nc6 12. Qd2 Bf6 13. Rd1 Be6 14. O-O h6
15. h3 Re8 16. Bd3 d4 17. Bb1 Bc4 18. Rfe1 Rxe1+ 19. Qxe1 Qe8 20. Qxe8+ Rxe8
21. Nxd4 Nxd4 22. cxd4 Re2 23. b3 Bd5 24. Kf1 Re7 25. Be5 Bxe5 26. dxe5 Bc6 27.
Rd8+ Be8 28. f4 g5 29. g3 gxf4 30. gxf4 Kg7 31. Kf2 f6 32. exf6+ Kxf6 33. Rd6+
Kg7 34. Bd3 Rd7 35. Rxd7+ Bxd7 36. h4 a5 37. Ke3 Kf6 38. Kd4 b6 39. Kd5 a4 40.
bxa4 Be6+ 41. Kc6 1-0

[Event "IV Festival Magistrale"]
[Site "Amantea ITA"]
[Date "1994.09.??"]
[Round "?"]
[White "Smagin, Sergey B."]
[Black "Naumkin, Igor"]
[Result "1-0"]
[WhiteElo "2540"]
[BlackElo "2475"]
[PlyCount "61"]
[EventDate "1994.09.18"]

1. e4 e5 2. Nf3 Nc6 3. Nc3 Nf6 4. Bb5 Bb4 5. O-O O-O 6. d3 d6 7. Bg5 Bxc3 8.
bxc3 Qe7 9. Re1 Nd8 10. d4 Ne6 11. Bd2 c6 12. Bf1 Qc7 13. Nh4 exd4 14. cxd4
Nxd4 15. Bf4 Qb6 16. Rb1 Bg4 17. Qd3 Qc5 18. Be3 Qh5 19. Bxd4 Qxh4 20. Rxb7 c5
21. Bc3 Rfd8 22. e5 dxe5 23. Qc4 Qh5 24. Rxe5 Qg6 25. Bd3 Be6 26. Rxe6 Rxd3 27.
cxd3 fxe6 28. Qxe6+ Kh8 29. Bxf6 Qxf6 30. Qxf6 gxf6 31. Kf1 1-0

[Event "IV Festival Magistrale"]
[Site "Amantea ITA"]
[Date "1994.09.??"]
[Round "?"]
[White "Smagin, Sergey B."]
[Black "Ortega Izquierdo, Alejandro"]
[Result "1-0"]
[WhiteElo "2540"]
[BlackElo "2305"]
[PlyCount "73"]
[EventDate "1994.09.18"]

1. e4 c5 2. c3 e6 3. Nf3 d5 4. exd5 exd5 5. d4 Nc6 6. Bb5 Bd6 7. dxc5 Bxc5 8.
O-O Nge7 9. Nbd2 O-O 10. Nb3 Bb6 11. Re1 Bg4 12. Be3 Bxe3 13. Rxe3 Nf5 14. Re1
Nh4 15. Be2 Re8 16. Nxh4 Qxh4 17. f3 Be6 18. Bb5 Qd8 19. Bxc6 Qb6+ 20. Qd4 bxc6
21. Qf2 Rab8 22. Re2 Bf5 23. Rae1 Rxe2 24. Rxe2 Bd3 25. Re7 Kf8 26. Re3 Bc4 27.
Nc5 Qxc5 28. Re8+ Kxe8 29. Qxc5 Rxb2 30. Qxc6+ Ke7 31. Qc5+ Ke6 32. Qe3+ Kf6
33. Qf4+ Kg6 34. g4 f6 35. Qf5+ Kf7 36. a4 a6 37. Qxh7 1-0

[Event "IV Festival Magistrale"]
[Site "Amantea ITA"]
[Date "1994.09.??"]
[Round "?"]
[White "Stefanelli, Luca"]
[Black "Hoffmann, Regis"]
[Result "0-1"]
[WhiteElo "2325"]
[BlackElo "2120"]
[PlyCount "78"]
[EventDate "1994.09.18"]

1. d4 Nf6 2. Nf3 c5 3. dxc5 e6 4. c4 Bxc5 5. e3 O-O 6. Be2 d5 7. cxd5 exd5 8.
O-O Nc6 9. Nbd2 a6 10. Nb3 Ba7 11. Nbd4 Ne4 12. Bd2 Qf6 13. Bc3 Qh6 14. Nxc6
bxc6 15. Bd4 c5 16. Be5 Bb7 17. Ne1 Rfe8 18. Bg3 Rad8 19. Bf3 f5 20. Bxe4 fxe4
21. Qb3 Bc6 22. Nc2 Qf6 23. Rfd1 h5 24. h3 h4 25. Bh2 Re7 26. Rab1 Rf7 27. Rd2
Rb7 28. Qa3 Bb5 29. Ne1 d4 30. Rbd1 Rf8 31. Nc2 d3 32. Ne1 c4 33. Qc3 Qxc3 34.
bxc3 Ba4 35. Rc1 Rf5 36. Bd6 Rfb5 37. Ba3 Rb1 38. Rxb1 Rxb1 39. Kf1 Bd1 0-1

[Event "IV Festival Magistrale"]
[Site "Amantea ITA"]
[Date "1994.09.??"]
[Round "?"]
[White "Vukovic, Zdravko"]
[Black "Naumkin, Igor"]
[Result "1-0"]
[WhiteElo "2445"]
[BlackElo "2475"]
[PlyCount "51"]
[EventDate "1994.09.18"]

1. e4 e6 2. d4 d5 3. Nc3 Bb4 4. exd5 exd5 5. Bd3 Nc6 6. Nge2 Nge7 7. Bg5 f6 8.
Bf4 Bf5 9. O-O Qd7 10. Bxf5 Nxf5 11. Qd3 O-O-O 12. Nb5 Ba5 13. b4 Bb6 14. a4
Nxb4 15. Qb3 Nc6 16. a5 Bxd4 17. Rfb1 b6 18. axb6 Bxb6 19. Bxc7 Rde8 20. Nxa7+
Kxc7 21. Qxb6+ Kd6 22. Nxc6 Qxc6 23. Qb4+ Ke6 24. Ra7 Qc4 25. Nf4+ Ke5 26. Nd3+
1-0

[Event "Festival A"]
[Site "Anzio ITA"]
[Date "1994.09.12"]
[Round "2"]
[White "Bellia, Fabrizio"]
[Black "Gurieli, Nino"]
[Result "1-0"]
[WhiteElo "2280"]
[BlackElo "2395"]
[PlyCount "109"]
[EventDate "1994.09.11"]

1. e4 g6 2. d4 Bg7 3. Nf3 d6 4. h3 Nf6 5. Nc3 O-O 6. Be3 c6 7. a4 Nbd7 8. Be2
e5 9. dxe5 dxe5 10. Bc4 Qe7 11. O-O Nc5 12. Nd2 a5 13. Qb1 Ne6 14. Ne2 Nh5 15.
c3 Nhf4 16. Nxf4 exf4 17. Bb6 Ng5 18. Qd3 Be6 19. Bxe6 fxe6 20. f3 Nf7 21. Nc4
Ra6 22. Bf2 Rd8 23. Qe2 g5 24. Rfd1 Rxd1+ 25. Rxd1 h5 26. Qd3 g4 27. Qd7 Qxd7
28. Rxd7 b5 29. Nd6 Ne5 30. Rd8+ Kh7 31. Ne8 g3 32. Bc5 Nf7 33. Rd7 Ra8 34. Nc7
Rd8 35. Rxd8 Nxd8 36. Be7 Nf7 37. axb5 cxb5 38. Nxe6 Be5 39. Nc5 a4 40. Nd3 Kg6
41. Kf1 Bc7 42. Ke2 Ng5 43. Bxg5 Kxg5 44. Nb4 Bd6 45. Kd3 Kf6 46. Nc6 Bc5 47.
Nd4 b4 48. cxb4 Bxb4 49. Kc4 Bd2 50. Ne2 Ke5 51. Kb5 Kd6 52. Kxa4 Kc5 53. Kb3
Be3 54. Kc3 Kb5 55. b4 1-0

[Event "Festival A"]
[Site "Anzio ITA"]
[Date "1994.09.12"]
[Round "2"]
[White "Belotti, Bruno"]
[Black "Gervasi, Giancarlo"]
[Result "0-1"]
[WhiteElo "2455"]
[BlackElo "2330"]
[PlyCount "42"]
[EventDate "1994.09.11"]

1. e4 c6 2. d3 d5 3. Nd2 e5 4. Ngf3 Bd6 5. Qe2 Nf6 6. g3 O-O 7. Bg2 Re8 8. O-O
Nbd7 9. Nh4 Nc5 10. Nb3 Ne6 11. Nf5 Bc7 12. f4 dxe4 13. dxe4 exf4 14. gxf4 Bb6+
15. Kh1 Nc5 16. Rd1 Bxf5 17. Rxd8 Raxd8 18. Nxc5 Bxc5 19. e5 Ng4 20. h3 Rd1+
21. Bf1 Be4+ 0-1

[Event "Festival A"]
[Site "Anzio ITA"]
[Date "1994.09.12"]
[Round "2"]
[White "Lanzani, Mario"]
[Black "Bonaveri, Agustin"]
[Result "1-0"]
[WhiteElo "2320"]
[BlackElo "2170"]
[PlyCount "109"]
[EventDate "1994.09.11"]

1. e4 c5 2. Nf3 e6 3. d4 cxd4 4. Nxd4 a6 5. Bd3 Bc5 6. Nb3 Ba7 7. Qe2 Nc6 8.
Be3 Nge7 9. Bxa7 Rxa7 10. Nc3 b5 11. e5 Ng6 12. Bxg6 fxg6 13. f4 Qb6 14. O-O-O
O-O 15. g3 b4 16. Na4 Qb8 17. h4 Ne7 18. Rh3 Nd5 19. Nd4 Qc7 20. h5 g5 21. fxg5
Qa5 22. g6 h6 23. Rf1 Qxa4 24. Rxf8+ Kxf8 25. Qf2+ Ke8 26. Qf7+ Kd8 27. Nxe6+
dxe6 28. Qxa7 Qd7 29. Qxd7+ Bxd7 30. g4 Be8 31. Kd2 Nb6 32. Kd3 a5 33. Kd4 Ke7
34. c3 bxc3 35. Rxc3 Nd5 36. Rc8 a4 37. Rb8 Nc7 38. Rb7 Kd8 39. Kc5 Kc8 40. Rb6
Kd7 41. b3 axb3 42. Rxb3 Ke7 43. Rb7 Kd8 44. g5 hxg5 45. h6 gxh6 46. g7 Bf7 47.
Kc6 g4 48. Rxc7 Bg8 49. a4 g3 50. Rd7+ Ke8 51. Rd3 Kf7 52. Rxg3 Bh7 53. g8=Q+
Bxg8 54. Rxg8 Kxg8 55. a5 1-0

[Event "Festival A"]
[Site "Anzio ITA"]
[Date "1994.09.13"]
[Round "3"]
[White "Kosic, Dragan"]
[Black "Mantovani, Renzo"]
[Result "1/2-1/2"]
[WhiteElo "2525"]
[BlackElo "2365"]
[PlyCount "117"]
[EventDate "1994.09.11"]

1. d4 d6 2. Bg5 Nd7 3. c3 Ngf6 4. Nd2 e5 5. e4 Be7 6. Ngf3 h6 7. Bh4 exd4 8.
Bxf6 Nxf6 9. Nxd4 O-O 10. Bd3 Re8 11. O-O Bf8 12. f4 c5 13. Nc2 Bd7 14. Qf3 Bc6
15. Rae1 Qd7 16. c4 Qg4 17. Qf2 Qc8 18. e5 Nd7 19. Bf5 Qc7 20. e6 Nf6 21. Qg3
fxe6 22. Bxe6+ Kh8 23. Qd3 d5 24. cxd5 Rad8 25. Nc4 Bxd5 26. Bxd5 Rxe1 27. Rxe1
Nxd5 28. Ne5 c4 29. Qg6 Bc5+ 30. Kh1 Rf8 31. Qe4 Nxf4 32. g3 Nd3 33. Ng6+ Kg8
34. Qxc4+ Rf7 35. Ne7+ Kf8 36. Nd5 Nf2+ 37. Kg2 Qc8 38. Nd4 Qh3+ 39. Kg1 Bxd4
40. Qxd4 Qg4 41. Qc5+ Kg8 42. Re8+ Kh7 43. Qc2+ Qf5 44. Qxf5+ Rxf5 45. Nf4 Nd1
46. Re2 Rb5 47. Nd3 Rd5 48. Nf4 Rb5 49. b3 Nc3 50. Rc2 Rc5 51. Kg2 a5 52. Ne2
Ne4 53. Rxc5 Nxc5 54. Kf3 Kg6 55. Ke3 Kf5 56. Kd4 Nd7 57. h3 h5 58. a4 g5 59.
Nc3 1/2-1/2

[Event "Festival A"]
[Site "Anzio ITA"]
[Date "1994.09.13"]
[Round "3"]
[White "Legky, Nikolay A."]
[Black "Kutirov, Rolando"]
[Result "1-0"]
[WhiteElo "2510"]
[BlackElo "2330"]
[PlyCount "111"]
[EventDate "1994.09.11"]

1. d4 d5 2. c4 c6 3. Nf3 Nf6 4. Nc3 dxc4 5. a4 Bg4 6. Ne5 Bh5 7. f3 Nfd7 8. g4
Nxe5 9. dxe5 Qxd1+ 10. Nxd1 Bg6 11. Ne3 e6 12. Nxc4 Nd7 13. e4 f6 14. exf6 gxf6
15. Be3 Bb4+ 16. Kf2 Ke7 17. Be2 Rhd8 18. e5 Bc5 19. exf6+ Kxf6 20. Na5 Bxe3+
21. Kxe3 Nb6 22. Nxb7 Nd5+ 23. Kf2 Rdb8 24. Na5 Rxb2 25. Nc4 Rab8 26. Nxb2 Rxb2
27. Ra3 Nf4 28. Re3 Nd5 29. Rc1 Nxe3 30. Kxe3 Bc2 31. a5 Ba4 32. f4 Bb5 33. g5+
Kf7 34. Bh5+ Ke7 35. h4 Ra2 36. Bf3 Ra3+ 37. Kf2 Rxa5 38. Bxc6 Ra2+ 39. Kf3
Ra3+ 40. Ke4 Bd3+ 41. Kd4 Bg6 42. Bb5 Kd8 43. Rh1 Rf3 44. Rf1 Rh3 45. Ra1 Rf3
46. Ke5 Kc7 47. Ra4 Kb6 48. Bd7 Re3+ 49. Kf6 Bf5 50. h5 a5 51. g6 hxg6 52. hxg6
Rg3 53. g7 Kc7 54. Be8 Kb6 55. Bf7 Bc2 56. Ra3 1-0

[Event "Festival A"]
[Site "Anzio ITA"]
[Date "1994.09.14"]
[Round "4"]
[White "Lantini, Marco"]
[Black "Dizdarevic, Emir"]
[Result "1/2-1/2"]
[WhiteElo "2210"]
[BlackElo "2495"]
[PlyCount "65"]
[EventDate "1994.09.11"]

1. d4 Nf6 2. c4 e6 3. Nf3 b6 4. Nc3 Bb4 5. Bg5 Bb7 6. e3 Bxc3+ 7. bxc3 Qe7 8.
Bd3 d6 9. Qc2 Nbd7 10. O-O h6 11. Bh4 g5 12. Bg3 h5 13. h4 gxh4 14. Bxh4 Rg8
15. Ng5 O-O-O 16. f4 Ng4 17. Be4 d5 18. cxd5 Bxd5 19. Bxd5 exd5 20. Rae1 f6 21.
Nf3 Rde8 22. e4 dxe4 23. Ne5 Qh7 24. Nc6 a6 25. f5 e3 26. Qe2 Nb8 27. Qf3 Nxc6
28. Qxc6 Qe7 29. Bg3 h4 30. Qa8+ Kd7 31. Qd5+ Kc8 32. Qa8+ Kd7 33. Qd5+ 1/2-1/2

[Event "Festival A"]
[Site "Anzio ITA"]
[Date "1994.09.14"]
[Round "4"]
[White "Palac, Mladen"]
[Black "Lanzani, Mario"]
[Result "1/2-1/2"]
[WhiteElo "2495"]
[BlackElo "2320"]
[PlyCount "70"]
[EventDate "1994.09.11"]

1. e4 e5 2. Nf3 Nc6 3. Bb5 f5 4. Nc3 fxe4 5. Nxe4 Nf6 6. Nxf6+ Qxf6 7. Qe2 Be7
8. Bxc6 dxc6 9. Nxe5 O-O 10. O-O Bd6 11. d4 c5 12. c3 cxd4 13. cxd4 c5 14. Be3
Bxe5 15. dxe5 Qxe5 16. Qc4+ Be6 17. Qxc5 Qxc5 18. Bxc5 Rfe8 19. a3 b6 20. Bd4
Rad8 21. Bc3 Bc4 22. Rfe1 Rxe1+ 23. Rxe1 Bb3 24. f3 Rd1 25. Rxd1 Bxd1 26. Kf2
a5 27. Ke3 a4 28. Ke4 b5 29. Kd5 Kf7 30. Kd6 Be2 31. f4 Bf1 32. g4 Be2 33. h3
Bf1 34. h4 Be2 35. g5 g6 1/2-1/2

[Event "Festival A"]
[Site "Anzio ITA"]
[Date "1994.09.15"]
[Round "5"]
[White "Kosic, Dragan"]
[Black "Hoffman, Alejandro S."]
[Result "1-0"]
[WhiteElo "2525"]
[BlackElo "2500"]
[PlyCount "73"]
[EventDate "1994.09.11"]

1. d4 e6 2. Nf3 d5 3. Bf4 Bd6 4. Bg3 f5 5. e3 Nf6 6. c4 O-O 7. Nc3 Ne4 8. Bxd6
Qxd6 9. Qc2 c6 10. Bd3 Nd7 11. h3 h6 12. O-O-O b5 13. cxb5 c5 14. dxc5 Ndxc5
15. Nd4 Bd7 16. Bxe4 fxe4 17. f3 Rfc8 18. Kb1 a6 19. fxe4 axb5 20. exd5 b4 21.
dxe6 Bxe6 22. Nxe6 Qxe6 23. Nd5 Kh8 24. Qc4 b3 25. axb3 Qg6+ 26. e4 Nxe4 27.
Qd3 Rd8 28. Nf4 Qe8 29. Qc2 Rdc8 30. Qe2 Rc5 31. Rhe1 Re5 32. Qd3 g5 33. Qd4
Kg8 34. Nd5 Qg6 35. Rxe4 Rae8 36. Rde1 Kf8 37. Nc3 1-0

[Event "Festival A"]
[Site "Anzio ITA"]
[Date "1994.09.15"]
[Round "5"]
[White "Lanzani, Mario"]
[Black "Kosten, Anthony C."]
[Result "1-0"]
[WhiteElo "2320"]
[BlackElo "2510"]
[PlyCount "105"]
[EventDate "1994.09.11"]

1. Nf3 Nf6 2. c4 g6 3. Nc3 Bg7 4. e4 d6 5. d4 O-O 6. Be2 Na6 7. Be3 e5 8. d5
Ng4 9. Bg5 f6 10. Bh4 h5 11. Nd2 Nh6 12. f3 Nf7 13. Qc2 Bh6 14. O-O c5 15. a3
Bd7 16. Rab1 Be3+ 17. Kh1 Kg7 18. b4 g5 19. Be1 h4 20. Nd1 Bd4 21. Nb3 Ba4 22.
Nc3 Bxb3 23. Qxb3 f5 24. Bd3 f4 25. h3 Qe7 26. Be2 b6 27. Bf2 Nb8 28. Kg1 Nd7
29. Rfc1 g4 30. fxg4 f3 31. Bxf3 Ng5 32. Nd1 Rxf3 33. gxf3 Rf8 34. Ne3 Nxh3+
35. Kh2 Nxf2 36. Nf5+ Rxf5 37. gxf5 h3 38. Rg1+ Kf7 39. Qa4 Be3 40. Rg6 Nf8 41.
f6 Qd8 42. Qxa7+ Kxg6 43. Rg1+ Kh5 44. Qf7+ Kh4 45. Rg8 Bf4+ 46. Kg1 Qd7 47.
Qg7 Qxg7+ 48. fxg7 Ng6 49. Kxf2 Bg3+ 50. Kf1 Kg5 51. Rh8 Ne7 52. g8=Q+ Nxg8 53.
Rxg8+ 1-0

[Event "Festival A"]
[Site "Anzio ITA"]
[Date "1994.09.15"]
[Round "5"]
[White "Sturua, Zurab"]
[Black "Novikov, Igor A."]
[Result "1-0"]
[WhiteElo "2535"]
[BlackElo "2570"]
[PlyCount "67"]
[EventDate "1994.09.11"]

1. Nf3 d5 2. b3 Bg4 3. Bb2 Nd7 4. d4 Bxf3 5. exf3 e6 6. f4 c6 7. Nd2 Bd6 8. g3
Ngf6 9. Bd3 Qe7 10. a3 O-O 11. O-O c5 12. Re1 cxd4 13. Nf3 Nc5 14. Bf1 Nce4 15.
Nxd4 Bc5 16. Kg2 Rfd8 17. Bd3 Qc7 18. f3 Qb6 19. Bf1 Nd6 20. Rb1 Qc7 21. Kh1 a6
22. Bh3 Nde8 23. Qd2 Bf8 24. Re2 g6 25. Rbe1 Bg7 26. Bxe6 fxe6 27. Nxe6 Qc6 28.
Nxd8 Rxd8 29. Bd4 Bf8 30. f5 Rd6 31. g4 Ng7 32. Qg5 gxf5 33. Re7 h6 34. Qg6 1-0

[Event "Festival A"]
[Site "Anzio ITA"]
[Date "1994.09.16"]
[Round "6"]
[White "Kosten, Anthony C."]
[Black "Sarno, Spartaco"]
[Result "1-0"]
[WhiteElo "2510"]
[BlackElo "2390"]
[PlyCount "59"]
[EventDate "1994.09.11"]

1. c4 e5 2. g3 Nf6 3. Bg2 d5 4. cxd5 Nxd5 5. Nc3 Nb6 6. Nf3 Nc6 7. O-O Be7 8.
Rb1 a5 9. b3 O-O 10. Bb2 Re8 11. d3 Bf8 12. Nd2 Nd4 13. e3 Nf5 14. Nc4 c6 15.
Ne4 f6 16. Qh5 Nd5 17. Rbd1 b5 18. a4 Ra7 19. axb5 cxb5 20. d4 bxc4 21. dxe5
Rd7 22. bxc4 Ndxe3 23. fxe3 Nxe3 24. exf6 Nxd1 25. f7+ Rxf7 26. Qxf7+ Kh8 27.
Ba1 Ne3 28. Nf6 Bc5 29. Qxe8+ Qxe8 30. Nxe8 1-0

[Event "Festival A"]
[Site "Anzio ITA"]
[Date "1994.09.17"]
[Round "7"]
[White "Kosic, Dragan"]
[Black "Palac, Mladen"]
[Result "1-0"]
[WhiteElo "2525"]
[BlackElo "2495"]
[PlyCount "31"]
[EventDate "1994.09.11"]

1. d4 d5 2. Bg5 f6 3. Bh4 Nh6 4. e3 c5 5. dxc5 e5 6. Nc3 Be6 7. Bb5+ Kf7 8. Nf3
Be7 9. Ba4 Qa5 10. Nxe5+ fxe5 11. Qh5+ g6 12. Qxh6 Bxh4 13. Qxh4 Qxc5 14. O-O-O
Nc6 15. Nxd5 Bxd5 16. Rxd5 1-0

[Event "Festival A"]
[Site "Anzio ITA"]
[Date "1994.09.17"]
[Round "7"]
[White "Legky, Nikolay A."]
[Black "Contin, Daniel"]
[Result "1-0"]
[WhiteElo "2510"]
[BlackElo "2425"]
[PlyCount "63"]
[EventDate "1994.09.11"]

1. d4 Nf6 2. Nf3 e6 3. e3 b6 4. Bd3 Bb7 5. O-O c5 6. c4 g6 7. Nc3 Bg7 8. d5
exd5 9. cxd5 Nxd5 10. Nb5 O-O 11. Nd6 Bc6 12. e4 Nc7 13. Bg5 Bf6 14. Bh6 Bg7
15. Qd2 Ne6 16. Rad1 Qf6 17. Bxg7 Kxg7 18. Bc4 a6 19. Rfe1 Ra7 20. Bd5 Nd4 21.
e5 Nxf3+ 22. gxf3 Qe7 23. f4 Bxd5 24. f5 f6 25. Qxd5 fxe5 26. Rxe5 Qg5+ 27. Kh1
Nc6 28. f6+ Qxf6 29. Ne8+ Rxe8 30. Rxe8 Ne7 31. Qd6 Nf5 32. Rg8+ 1-0

[Event "Festival A"]
[Site "Anzio ITA"]
[Date "1994.09.17"]
[Round "7"]
[White "Tommasini, Enzo"]
[Black "Marinelli, Tullio"]
[Result "0-1"]
[WhiteElo "2106"]
[BlackElo "2375"]
[PlyCount "74"]
[EventDate "1994.09.11"]

1. d4 Nf6 2. c4 e6 3. Nf3 b6 4. g3 Bb7 5. Bg2 Be7 6. O-O O-O 7. Nc3 Ne4 8. Bd2
f5 9. Rc1 d6 10. d5 Nxd2 11. Nxd2 e5 12. b4 a5 13. bxa5 Rxa5 14. a4 Nd7 15. Nb3
Ra8 16. a5 bxa5 17. Ra1 a4 18. Nxa4 Bf6 19. e4 g6 20. Qc2 fxe4 21. Bxe4 Bg7 22.
Rfb1 Bc8 23. Nc3 Rb8 24. Na5 Rxb1+ 25. Rxb1 Nc5 26. Nc6 Qf6 27. Rb8 Bh6 28. Qe2
Nd7 29. Rb2 Kg7 30. Bg2 Qg5 31. Rc2 Nc5 32. Ne4 Nxe4 33. Bxe4 Bg4 34. f3 Bh3
35. Nb4 Rb8 36. f4 exf4 37. Bg2 f3 0-1

[Event "Festival A"]
[Site "Anzio ITA"]
[Date "1994.09.18"]
[Round "8"]
[White "Drei, Andrea"]
[Black "Gurieli, Nino"]
[Result "1-0"]
[WhiteElo "2270"]
[BlackElo "2395"]
[PlyCount "107"]
[EventDate "1994.09.11"]

1. e4 c5 2. Nf3 Nc6 3. d4 cxd4 4. Nxd4 Nf6 5. Nc3 d6 6. Bg5 e6 7. Qd2 a6 8.
O-O-O Bd7 9. f4 h6 10. Bh4 Nxe4 11. Qe1 Nf6 12. Nf5 Qb8 13. Bxf6 gxf6 14. Ne4
d5 15. Nxf6+ Kd8 16. Qe3 Qa7 17. Qf3 Rc8 18. Bd3 Nb4 19. Nxd7 Kxd7 20. a3 Nxd3+
21. Rxd3 Rc6 22. Nd4 Rc4 23. Rhd1 Bg7 24. Nf5 Bf6 25. Rxd5+ exd5 26. Qxd5+ Kc8
27. Qxc4+ Kb8 28. Qxf7 Qb6 29. Qb3 Qf2 30. g3 Qxh2 31. Kb1 Rc8 32. Nd6 Rc7 33.
Ne8 Qe2 34. Nxc7 Qxd1+ 35. Ka2 Kxc7 36. Qf7+ Kb8 37. Qxf6 Qxc2 38. Qd8+ Ka7 39.
Qd4+ Kb8 40. g4 Qc8 41. f5 h5 42. Qe5+ Ka7 43. Qe6 Qh8 44. g5 h4 45. f6 Qh5 46.
f7 Qf3 47. Qb3 Qf5 48. g6 Qf6 49. Qe3+ b6 50. Qe8 Qd6 51. Qe4 Qf6 52. Qd5 a5
53. Qd7+ Ka6 54. Qc8+ 1-0

[Event "Festival A"]
[Site "Anzio ITA"]
[Date "1994.09.18"]
[Round "8"]
[White "Sturua, Zurab"]
[Black "Kosic, Dragan"]
[Result "1-0"]
[WhiteElo "2535"]
[BlackElo "2525"]
[PlyCount "61"]
[EventDate "1994.09.11"]

1. c4 e6 2. Nf3 d5 3. d4 c5 4. cxd5 exd5 5. g3 Nf6 6. Bg2 Be7 7. O-O O-O 8. Nc3
Nc6 9. b3 Ne4 10. Bb2 Bf6 11. Na4 Re8 12. Rc1 b6 13. dxc5 Bxb2 14. Nxb2 bxc5
15. Nd2 Qf6 16. Nd3 Nc3 17. Rxc3 Qxc3 18. Bxd5 Bd7 19. Ne4 Qd4 20. Ndxc5 Rad8
21. Nb7 Rb8 22. Nbd6 Re5 23. Bxf7+ Kf8 24. Bc4 Be6 25. Qc2 Nb4 26. Qc1 Bxc4 27.
Qf4+ Ke7 28. Nxc4 Reb5 29. Ncd6 Rd5 30. Qf7+ Kd8 31. Qe8+ 1-0

[Event "X European Club Cup Gruppo 5"]
[Site "Asiago ITA"]
[Date "1994.08.28"]
[Round "1.1"]
[White "Dolmatov, Sergey"]
[Black "Novikov, Igor A."]
[Result "1/2-1/2"]
[WhiteElo "2615"]
[BlackElo "2570"]
[PlyCount "53"]
[EventDate "1994.08.28"]

1. e4 c5 2. Nf3 d6 3. d4 cxd4 4. Nxd4 Nf6 5. Nc3 a6 6. Be2 e6 7. a4 Nc6 8. Be3
Be7 9. O-O O-O 10. f4 Qc7 11. Kh1 Re8 12. Qd2 Bd7 13. Nb3 Na5 14. Nxa5 Qxa5 15.
Bf3 Rac8 16. Rfe1 Bc6 17. Qf2 Nd7 18. Bd2 Qc7 19. a5 Bf6 20. Ra3 Rb8 21. Nd1 d5
22. e5 Be7 23. Ra1 Bc5 24. Qg3 f5 25. exf6 Nxf6 26. Nf2 Bd6 27. Nd3 1/2-1/2

[Event "X European Club Cup Gruppo 5"]
[Site "Asiago ITA"]
[Date "1994.08.28"]
[Round "1.3"]
[White "Pigusov, Evgeny A."]
[Black "Wittmann, Walter"]
[Result "1-0"]
[WhiteElo "2575"]
[BlackElo "2390"]
[PlyCount "83"]
[EventDate "1994.08.28"]

1. Nf3 Nf6 2. c4 g6 3. g3 Bg7 4. d4 O-O 5. Bg2 d6 6. Nc3 c6 7. O-O a6 8. e4 Bg4
9. h3 Bxf3 10. Bxf3 Nfd7 11. Be3 c5 12. dxc5 dxc5 13. Bg2 Nc6 14. f4 Bd4 15.
Qe2 e5 16. Kh2 Bxe3 17. Qxe3 Nd4 18. Rf2 f6 19. Raf1 Qe7 20. Nd5 Qd6 21. h4 Nb6
22. fxe5 Nxd5 23. exd5 fxe5 24. h5 Rxf2 25. Rxf2 Rf8 26. Rxf8+ Kxf8 27. Qh6+
Kg8 28. Be4 Qf6 29. hxg6 hxg6 30. Qxg6+ Qxg6 31. Bxg6 Kg7 32. Be4 b6 33. Kh3
Kf6 34. Kh4 b5 35. g4 bxc4 36. g5+ Ke7 37. a4 Ne2 38. g6 Kf6 39. d6 Nf4 40. d7
Ne6 41. Bd5 Nd8 42. Kh5 1-0

[Event "X European Club Cup Gruppo 5"]
[Site "Asiago ITA"]
[Date "1994.08.28"]
[Round "1.5"]
[White "Serper, Grigory"]
[Black "Watzka, Horst"]
[Result "1-0"]
[WhiteElo "2575"]
[BlackElo "2340"]
[PlyCount "79"]
[EventDate "1994.08.28"]

1. c4 Nf6 2. Nc3 g6 3. e4 d6 4. d4 Bg7 5. Nge2 O-O 6. Ng3 e5 7. d5 a5 8. h4 Na6
9. h5 c6 10. Bg5 cxd5 11. h6 Bh8 12. Qf3 Nb4 13. Nxd5 Nbxd5 14. cxd5 a4 15. Be2
Qa5+ 16. Bd2 Qb6 17. Qa3 Ne8 18. Rc1 Bf6 19. Rc4 Bd8 20. Rb4 Qa7 21. Be3 b6 22.
Bb5 Bd7 23. Rxa4 Qxa4 24. Bxa4 Rxa4 25. Qb3 b5 26. O-O Nc7 27. Rc1 Na6 28. a3
f5 29. exf5 gxf5 30. Rc6 Bxc6 31. dxc6+ Kh8 32. Qxb5 Ra5 33. Qb7 Nc7 34. Bb6
Rb5 35. Qa7 Rf7 36. b4 Kg8 37. Bxc7 Bxc7 38. Nxf5 e4 39. Qa6 Rbxf5 40. Qc8+ 1-0

[Event "X European Club Cup Gruppo 5"]
[Site "Asiago ITA"]
[Date "1994.08.28"]
[Round "1.6"]
[White "Felsberger, Alfred"]
[Black "Makarov, Marat"]
[Result "0-1"]
[WhiteElo "2420"]
[BlackElo "2525"]
[PlyCount "88"]
[EventDate "1994.08.28"]

1. e4 c5 2. Nf3 Nc6 3. d4 cxd4 4. Nxd4 Nf6 5. Nc3 d6 6. Bc4 Qb6 7. Ndb5 a6 8.
Be3 Qd8 9. Nd4 Ng4 10. Nxc6 bxc6 11. O-O Nxe3 12. fxe3 e6 13. Qf3 Ra7 14. Rad1
Qg5 15. Bb3 Rc7 16. Rd4 g6 17. Kh1 Qe5 18. Ba4 Bg7 19. Rfd1 O-O 20. Rxd6 c5 21.
Rd8 Bf6 22. Rxf8+ Kxf8 23. Qf4 Kg7 24. Rd6 Bb7 25. Kg1 g5 26. Qxe5 Bxe5 27. Rb6
Bxc3 28. bxc3 Bxe4 29. Rxa6 Rb7 30. Ra5 Rb1+ 31. Kf2 Rd1 32. Rxc5 Rd2+ 33. Kf1
Rxg2 34. Re5 Bf3 35. c4 Kf6 36. Rc5 Rxh2 37. Bc6 Bxc6 38. Rxc6 Rxc2 39. a4 Ra2
40. Ra6 h5 41. c5 h4 42. Ra8 h3 43. Rh8 h2 44. c6 g4 0-1

[Event "X European Club Cup Gruppo 5"]
[Site "Asiago ITA"]
[Date "1994.08.28"]
[Round "1.1"]
[White "Renet, Olivier"]
[Black "Galego, Luis"]
[Result "1/2-1/2"]
[WhiteElo "2530"]
[BlackElo "2440"]
[PlyCount "35"]
[EventDate "1994.08.28"]

1. e4 d5 2. exd5 Nf6 3. d4 Bg4 4. f3 Bf5 5. Bb5+ Nbd7 6. c4 e6 7. dxe6 Bxe6 8.
d5 Bf5 9. Nc3 Bc5 10. Qe2+ Qe7 11. g4 Bd3 12. Qxe7+ Bxe7 13. Bf4 O-O-O 14.
O-O-O Bg6 15. Nh3 Nb6 16. Na4 Na8 17. Nc3 Nb6 18. Na4 1/2-1/2

[Event "X European Club Cup Gruppo 5"]
[Site "Asiago ITA"]
[Date "1994.08.28"]
[Round "1.2"]
[White "Frois, Antonio"]
[Black "Conquest, Stuart C."]
[Result "1/2-1/2"]
[WhiteElo "2395"]
[BlackElo "2505"]
[PlyCount "133"]
[EventDate "1994.08.28"]

1. e4 c5 2. c3 d5 3. exd5 Qxd5 4. d4 Nf6 5. Nf3 Nc6 6. Be2 e6 7. O-O cxd4 8.
cxd4 Be7 9. Nc3 Qd6 10. Be3 O-O 11. Rc1 Rd8 12. Qd2 Nd5 13. Rfd1 Bd7 14. a3
Rac8 15. Ne4 Qb8 16. Bg5 Be8 17. Bb5 h6 18. Bxe7 Ndxe7 19. Nc3 Na5 20. Qe2 Bxb5
21. Qxb5 Nc4 22. Ne2 Nd6 23. Qb3 Rxc1 24. Rxc1 Rc8 25. Rc5 b6 26. Rc3 Qb7 27.
Rxc8+ Qxc8 28. h3 Qc4 29. Qd1 Qb5 30. b3 Nd5 31. Ne5 Qa6 32. a4 Qc8 33. Qc1
Qxc1+ 34. Nxc1 Kf8 35. Kf1 a5 36. Ke2 Ke7 37. g3 f6 38. Nf3 Ne4 39. Nd2 Nec3+
40. Kd3 Kd6 41. Nc4+ Kc6 42. h4 h5 43. Kd2 Ne4+ 44. Ke2 Nb4 45. Ke3 Nd6 46.
Nxd6 Kxd6 47. Ne2 g5 48. f3 Nd5+ 49. Kd3 Kc6 50. Kc4 Ne3+ 51. Kd3 Ng2 52. Ke4
Kd6 53. hxg5 fxg5 54. f4 g4 55. Nc3 h4 56. gxh4 Nxh4 57. d5 exd5+ 58. Nxd5 Nf3
59. Nxb6 Nd2+ 60. Ke3 Nxb3 61. Nc4+ Kd5 62. Nb6+ Ke6 63. Nc4 Kf5 64. Nd6+ Kg6
65. f5+ Kg5 66. f6 Kxf6 67. Kf4 1/2-1/2

[Event "X European Club Cup Gruppo 5"]
[Site "Asiago ITA"]
[Date "1994.08.28"]
[Round "1.3"]
[White "Prie, Eric"]
[Black "Silva, Fernando"]
[Result "1-0"]
[WhiteElo "2475"]
[BlackElo "2385"]
[PlyCount "103"]
[EventDate "1994.08.28"]

1. d4 Nf6 2. c4 c5 3. d5 g6 4. Nc3 Bg7 5. e4 d6 6. h3 O-O 7. Nf3 e6 8. Bd3 Na6
9. O-O Nc7 10. Re1 Re8 11. a4 a6 12. Bf4 e5 13. Bg5 h6 14. Bd2 b6 15. a5 bxa5
16. Na4 Rb8 17. Bxa5 Nh5 18. Bf1 Qe7 19. Nxc5 Nxd5 20. cxd5 dxc5 21. Bc3 Rb6
22. g3 Bd7 23. Nd2 Bb5 24. Nc4 Rbb8 25. Na5 Qd7 26. Qg4 Nf6 27. Qxd7 Nxd7 28.
Nc6 Rb7 29. Na5 Rbb8 30. Ra2 f5 31. f3 h5 32. Nc4 fxe4 33. fxe4 Rf8 34. Nd6 Bh6
35. Kg2 Rf6 36. Nxb5 axb5 37. b3 b4 38. Ba1 Rbf8 39. Bb5 Nb6 40. Bxe5 Rf3 41.
Bd6 R8f6 42. e5 R6f5 43. Bxc5 h4 44. gxh4 Rxb3 45. Bxb6 Bf4 46. e6 Rg3+ 47. Kh1
Rxh3+ 48. Kg1 Rxh4 49. e7 Rg5+ 50. Rg2 Bh2+ 51. Kf1 Rf4+ 52. Bf2 1-0